000 00379nam a2200133Ia 4500
008 100328s9999 xx 000 0 und d
082 _b67944
100 _aमेंगजी अशोक.
245 _aभोगमुक्ती.
260 _bलिलादत्त.
630 _aभोगमुक्ती.
730 _aभोगमुक्ती.
942 _cBOOK
999 _c553683
_d553680